000 01022nam a2200217 a 4500
001 000047757
005 20201002060722.0
008 180417s2017 dr abc 000 0 spa d
020 _a9789945125023
040 _aDO-SdBNP
_bspa
_cBNPHU
082 _axxxx
_bxxxx
100 1 _aMuñoz, Yocasta Milagros
_975359
245 1 0 _aCiencias sociales 4 :
_bsecundaria /
_cYocasta Milagros Muñoz ; dirección Milagros del Pilar Rubio Muñoz.
260 _aSanto Domingo :
_bSusaeta,
_c2017.
300 _a272 p. :
_bil., retrs. ;
_c29 cm.
500 _aEnfoque por competencias nuevo currículo
504 _aBibliografía : p. 272
505 0 _aGeografía física del planeta --
_tEl paisajes como construcción social del espacio --
_tEl surgimiento del humano y la organizacion de las sociedades --
_tLa Edad Media hasta la Edad Moderna --
_tLos siglos XIX y XX; los grandes conflictos de la humanidad --
_tEducación ciudadana.
590 _aInventariado, 2018/LP
700 1 _aRubio Muñoz, Milagros del Pilar,
_edirección
_974969
999 _c47245
_d47245